Peredumovi zabezpečennja stalogo rozvitku pidpryemstv Ukrayini

Možnosti a sloboda podnikania na Ukrajine. Situácia a konkurencieschopnosť ukrajinských podnikov podľa medzinárodných štandardov v podmienkach globálnej integrácie. Tendencie rozvoja podnikateľského sektora na Ukrajine.

Salvato in:
Dettagli Bibliografici
Autore principale: Kuznetsova, Mariya, 1992-
Natura: Capitolo di libro
Lingua:ucraino
Soggetti:
Tags: Aggiungi Tag
Nessun Tag, puoi essere il primo ad aggiungerne!!

MARC

LEADER 00000naa a2200000 4500
001 0283330
005 20240502083911.6
041 0 |a ukr 
044 |a UA 
245 1 0 |a Peredumovi zabezpečennja stalogo rozvitku pidpryemstv Ukrayini  |c Mariya Kuznetsova 
520 |a Možnosti a sloboda podnikania na Ukrajine. Situácia a konkurencieschopnosť ukrajinských podnikov podľa medzinárodných štandardov v podmienkach globálnej integrácie. Tendencie rozvoja podnikateľského sektora na Ukrajine. 
610 2 0 |a rozvoj trvalo udržateľný 
610 2 0 |a firmy 
610 2 0 |a podnik 
610 2 0 |a inovácia 
610 2 0 |a spoločnosť 
610 2 0 |a Ukrajina 
100 1 |a Kuznetsova, Mariya, 1992-